000 00459nam a2200193Ia 4500
008 101110s9999 xx 000 0 und d
041 _aMARATHI
082 _bSR12959
_a658
100 _aSaraf Mohan
245 _aAadhunik Vyavsay Sanghatan
365 _b20
520 _aCommerce
546 _aMARATHI
630 _aAadhunik Vyavsay Sanghatan
650 _aCommerce
655 _aCommerce
730 _aAadhunik Vyavsay Sanghatan
942 _cBOOK
999 _c807272
_d807269